[Event "CRO-chT3 West"]
[Site "Croatia"]
[Date "2020.09.13"]
[Round "2.6"]
[White "Notizberg, Tomislav"]
[Black "Duda, Dejan"]
[Result "1-0"]
[WhiteElo "2038"]
[BlackElo "1592"]
[PlyCount "61"]
[EventDate "2020.09.12"]
[EventType "team-tourn"]
[EventRounds "9"]
[EventCountry "CRO"]
[SourceTitle "EXT 2022"]
[Source "ChessBase"]
[SourceDate "2021.10.06"]
[SourceVersion "1"]
[SourceVersionDate "2021.10.06"]
[SourceQuality "1"]
[WhiteTeam "Kastav"]
[BlackTeam "Kraljevica"]
[WhiteTeamCountry "CRO"]
[BlackTeamCountry "CRO"]

1. Nf3 d5 2. g3 c5 3. Bg2 Nc6 4. d4 e6 5. 0-0 Nf6 6. b3 b6 7. Bb2 Be7 8. Nbd2 Ba6 9. Re1 Qc7 10. c4 0-0 11. Qc2 h6 12. Rac1 Rac8 13. dxc5 bxc5 14. e3 Nb4 15. Qb1 Qb6 16. Ne5 Rfd8 17. e4 d4 18. Nd3 Nxd3 19. Qxd3 e5 20. f4 exf4 21. gxf4 Nh5 22. Rf1 Bb7 23. Rce1 Re8 24. Qe2 Nf6 25. e5 Bxg2 26. Kxg2 Nh7 27. Ne4 Qg6+ 28. Kh1 Rcd8 29. f5 Qc6 30. Qg2 Ng5 31. Nf6+ 1-0

[Event "Bled op-B"]
[Site "Bled"]
[Date "1996.??.??"]
[Round "8"]
[White "Ciglic, Boris"]
[Black "Notizberg, Tomislav"]
[Result "1-0"]
[WhiteElo "2195"]
[BlackElo "1975"]
[PlyCount "45"]
[EventDate "1996.03.??"]
[EventType "swiss"]
[EventRounds "9"]
[EventCountry "SLO"]
[SourceTitle "CBM 051 Extra"]
[Source "ChessBase"]
[SourceDate "1996.05.01"]
[SourceVersion "1"]
[SourceVersionDate "1996.05.01"]
[SourceQuality "1"]

1. Nf3 d5 2. c4 c6 3. e3 Nf6 4. b3 Bg4 5. Be2 e6 6. Bb2 Nbd7 7. 0-0 Bd6 8. d4 0-0 9. Nbd2 Rc8 10. Rc1 Bb8 11. Ne5 Bxe2 12. Qxe2 Ne8 13. Nxd7 Qxd7 14. e4 dxe4 15. Nxe4 Nd6 16. Ng3 Rfe8 17. Qg4 Nf5 18. Nh5 Kh8 19. d5 e5 20. Nxg7 Rg8 21. Qxf5 Qe7 22. Nh5 Rg6 23. Qxc8+ 1-0

[Event "Bled op-B"]
[Site "Bled"]
[Date "1996.??.??"]
[Round "9"]
[White "Notizberg, Tomislav"]
[Black "Krivec, Jana"]
[Result "1/2-1/2"]
[WhiteElo "1975"]
[BlackElo "2080"]
[PlyCount "118"]
[EventDate "1996.03.??"]
[EventType "swiss"]
[EventRounds "9"]
[EventCountry "SLO"]
[SourceTitle "CBM 051 Extra"]
[Source "ChessBase"]
[SourceDate "1996.05.01"]
[SourceVersion "1"]
[SourceVersionDate "1996.05.01"]
[SourceQuality "1"]

1. e4 e5 2. Nc3 Nf6 3. f4 d5 4. fxe5 Nxe4 5. d3 Nxc3 6. bxc3 d4 7. Nf3 Nc6 8. cxd4 Bb4+ 9. Bd2 Bxd2+ 10. Qxd2 Nxd4 11. c3 Nxf3+ 12. gxf3 Qh4+ 13. Qf2 Qf4 14. d4 Bf5 15. Bc4 0-0 16. Ke2 Kh8 17. Qe3 Qh4 18. Bd3 Bxd3+ 19. Kxd3 c5 20. Qe4 Qe7 21. d5 b5 22. Rhb1 c4+ 23. Kc2 a6 24. a4 Qd7 25. axb5 axb5 26. d6 Rab8 27. Qg4 Qc6 28. h4 Qd5 29. Qf5 f6 30. Qe4 Qxe4+ 31. fxe4 fxe5 32. Rd1 Kg8 33. Ra7 Rfd8 34. Rd5 Kf8 35. Rxe5 Rxd6 36. Ree7 Rg6 37. e5 Rg2+ 38. Kc1 Re8 39. Rf7+ Kg8 40. Rab7 Rf8 41. Rfd7 Rf1+ 42. Rd1 Rxd1+ 43. Kxd1 Rh2 44. e6 Kf8 45. Rf7+ Ke8 46. Rxg7 Rxh4 47. Kd2 Rh6 48. Rb7 Rxe6 49. Rxh7 Re5 50. Rb7 Kd8 51. Ra7 Re7 52. Ra5 Rb7 53. Kc2 Kc7 54. Kb2 Kb6 55. Ra8 Ra7 56. Rc8 Ka5 57. Rb8 Ra6 58. Rb7 Ra8 59. Rd7 Re8 1/2-1/2